LEADER 01079nam a2200253 4500 001 000000363257 003 CaOOAMICUS 005 20250619111548.0 008 250619s2024 it a 000 u ita r 020 $a978-88-290-1809-3 040 $aSeMil$bita 100 1 $aBologni, Alberto.$0(OLS)http://semarc/name/122254 245 10$aVivaldi :$bLe quattro stagioni /$cAlberto Bologni. 264 1$aRoma :$bCarocci,$c2024. 300 $a129 p. :$bill. ;$c22 cm 490 1 $aQuality Paperbacks. Dentro la musica ;$v715 650 4$aVivaldi, Antonio . Le quattro stagioni.$0(OLS)http://semarc/subject/57910 830 0$aQuality paperbacks. Dentro la musica ;$v715.$0(OLS)http://semarc/title/454432 850 $aSeMil 852 $aSeMil$W1$xVenegono$y1$m3Q II 118$j258632$B254123$CSeMilBibl$Z2$F254123 $81 996 $6020$a978-88-290-1809-3$9(OLS)http://semarc/number/303445 996 $6245$aVivaldi :$bLe quattro stagioni$9(OLS)http://semarc/title/454431 996 $6264$aRoma :$bCarocci$9(OLS)http://semarc/publisher/31977 LEADER 00913nam a2200241 i 4500 001 000000085269 003 CaOOAMICUS 005 20180830145956.0 008 180830s1974 xx u000 u und u 013 $a57509 020 $a88-359- 040 $aSeMil$bita 100 1 $aCappabianca, Grazia.$0(OLS)http://semarc/name/39577 245 10$aStoria dell'emancipazione femminile. 260 $aRoma :$bEditori Riuniti,$c1974. 300 $a194 p. 650 4$aDonna - Emancipazione.$0(OLS)http://semarc/subject/16264 700 1 $aCapezzuoli, Luciana.$0(OLS)http://semarc/name/39578 850 $aSeMil 852 $aSeMil$W1$xVenegono$y1$m46 9 75 *$j49321$B49321$CSeMilBibl$Z2$F52868 $81 996 $6020$a88-359-$9(OLS)http://semarc/number/65619 996 $6245$aStoria dell'emancipazione femminile$9(OLS)http://semarc/title/131848 996 $6260$aRoma :$bEditori Riuniti$9(OLS)http://semarc/publisher/30240